000
00301nam a2200133Ia 4500
008
230312s9999||||xx |||||||||||||| ||und||
082
_a
615.854
_b
ATK-N
100
_a
Atkins;Robert,C
245
0
_a
Nutrition Breakthrough
260
_a
UK
300
_a
322
650
_a
Medical
_v
Nutrition
942
_c
BK
999
_c
2162
_d
2162